000 00784nam a2200229Ii 4500
003 JO-AjNU
008 230605s9999||||xx |||||||||||||| ||und||
017 _a2001/4/669
020 _a9957-11-192-2
040 _aJO-AjNU
_bara
_erda
_cJO-AjNU
041 _aara
050 1 4 _aHF5415.B3484.2009
100 3 _aالبكري،ثامر ياسر,
_eauthor
_927459
245 0 0 _aالتسويق والمسؤولية الاجتماعية
250 _aط2
264 3 1 _aعمان:دار وائل للنشر والتوزيع؛2009
300 _a168ص
_bيحتوي على ببلوغرافية من ص159-168ص
336 _atext
_btxt
_2rdacontent
337 _aunmediated
_bn
_2rdamedia
338 _avolume
_bnc
_2rdacarrier
650 4 _aالتسويق-ادارة المبيعات
_927460
999 _aA10534
_c14102
_d14102